[Event "FIN-ch"]
[Site "Helsinki"]
[Date "2024.03.31"]
[Round "3"]
[White "Koykka, Pekka"]
[Black "Valkama, Eero"]
[Result "0-1"]
[WhiteElo "2350"]
[BlackElo "2300"]
[PlyCount "116"]
[EventDate "2024.03.29"]
[EventType "tourn"]
[EventRounds "9"]
[EventCountry "FIN"]
[EventCategory "3"]
[SourceTitle "CB15_2024"]
[SourceDate "2024.04.10"]
[SourceVersion "1"]
[SourceVersionDate "2024.04.10"]
[SourceQuality "1"]

1. e4 e5 2. Nf3 Nc6 3. Bb5 a6 4. Ba4 Nf6 5. 0-0 Be7 6. Re1 b5 7. Bb3 d6 8. c3 0-0 9. h3 Re8 10. d4 Bf8 11. Ng5 Re7 12. f4 Bb7 13. Qd3 h6 14. Nf3 Na5 15. Bc2 exf4 16. d5 Qe8 17. Bxf4 Bxd5 18. Nbd2 Bc4 19. Qd4 Be6 20. a4 Nc6 21. Qd3 Rd8 22. Nd4 Nxd4 23. cxd4 c5 24. Qf3 cxd4 25. Bd3 Nh7 26. Qg3 Kh8 27. axb5 axb5 28. Bxd6 Red7 29. Bc7 Bd6 30. Bxd6 Rxd6 31. e5 Rd5 32. Ne4 Qc6 33. Nd6 Qb6 34. Be4 d3+ 35. Kh2 d2 36. Rf1 Rd4 37. h4 Kg8 38. Rad1 Nf8 39. Qf2 R4xd6 40. exd6 Qxd6+ 41. Qg3 Bb3 42. Qxd6 Rxd6 43. Kg3 Ne6 44. Bf3 Bxd1 45. Bxd1 g6 46. h5 Kg7 47. hxg6 fxg6 48. Rf3 Nc5 49. Ra3 Rd3+ 50. Kf2 Rxa3 51. bxa3 Ne4+ 52. Ke3 Nc3 53. Kxd2 Nxd1 54. Kxd1 Kf6 55. Kd2 Ke5 56. Kc3 Kd5 57. Kb4 Kc6 58. Kc3 Kc5 0-1

[Event "FIN-chT 2324"]
[Site "Finland"]
[Date "2023.09.23"]
[Round "1.3"]
[White "Valkama, Eero"]
[Black "Nivala, Tuomas"]
[Result "1-0"]
[WhiteElo "2292"]
[BlackElo "2249"]
[PlyCount "111"]
[EventDate "2023.09.23"]
[EventType "team-tourn"]
[EventRounds "12"]
[EventCountry "FIN"]
[SourceTitle "EXT 2024"]
[Source "ChessBase"]
[SourceDate "2023.10.10"]
[SourceVersion "1"]
[SourceVersionDate "2023.10.10"]
[SourceQuality "1"]
[WhiteTeam "Salo SalSK"]
[BlackTeam "Jyvaskyla JyS"]
[WhiteTeamCountry "FIN"]
[BlackTeamCountry "FIN"]

1. e4 e5 2. Nf3 Nc6 3. Bc4 Nf6 4. d3 Bc5 5. c3 d6 6. Bb3 a6 7. Nbd2 0-0 8. 0-0 Ba7 9. h3 h6 10. Re1 Re8 11. Nf1 Be6 12. Bc2 d5 13. Qe2 b5 14. N3h2 dxe4 15. dxe4 Ne7 16. Bd2 Ng6 17. a4 c6 18. Ra3 Bc5 19. b4 Bc4 20. Qf3 Be7 21. Rea1 Rc8 22. axb5 axb5 23. Be3 c5 24. bxc5 Bxc5 25. Bxc5 Rxc5 26. Ne3 Nf4 27. Nxc4 bxc4 28. Qe3 Qe7 29. Nf3 Rc7 30. Ra5 Ng6 31. Bd1 Rec8 32. Be2 Qe6 33. Rb1 Kh7 34. Rbb5 Qc6 35. Nd2 Qd6 36. Rb6 Qe7 37. g3 Nd7 38. Rb4 Nb8 39. Rxc4 Nd7 40. Rxc7 Rxc7 41. Bc4 Ngf8 42. Bd5 Ne6 43. Nb3 Nf6 44. Kg2 Qd7 45. h4 Qc8 46. c4 Rxc4 47. Bxc4 Qxc4 48. Nd2 Qc6 49. Qe2 Nd4 50. Qd3 Qc7 51. Nc4 Nc6 52. Rb5 Qd7 53. Qxd7 Nxd7 54. Rb7 Ncb8 55. Nxe5 Nxe5 56. Rxb8 1-0

[Event "FIN-ch"]
[Site "Helsinki"]
[Date "2023.04.10"]
[Round "4"]
[White "Wartiovaara, Oliver"]
[Black "Valkama, Eero"]
[Result "0-1"]
[WhiteElo "2264"]
[BlackElo "2258"]
[PlyCount "108"]
[EventDate "2023.04.07"]
[EventType "swiss"]
[EventRounds "9"]
[EventCountry "FIN"]
[SourceTitle "CBM 213 Extra"]
[Source "ChessBase"]
[SourceDate "2023.05.31"]
[SourceVersion "1"]
[SourceVersionDate "2023.05.31"]
[SourceQuality "1"]

1. e4 e5 2. Nf3 Nc6 3. Bb5 a6 4. Ba4 Nf6 5. 0-0 Be7 6. Re1 b5 7. Bb3 d6 8. c3 0-0 9. h3 Na5 10. Bc2 c5 11. d4 Qc7 12. d5 Nd7 13. b3 Nb6 14. Nbd2 Bd7 15. Nf1 c4 16. b4 Nb7 17. Ng3 g6 18. Bh6 Rfe8 19. Nh2 Nd8 20. Ng4 f6 21. Qf3 Nf7 22. Be3 Kg7 23. Ne2 h5 24. Nh2 h4 25. Bd2 a5 26. a3 Rh8 27. Qe3 g5 28. Qf3 Bd8 29. Ng4 a4 30. g3 Bxg4 31. Qxg4 Qc8 32. Qxc8 Nxc8 33. Kg2 Bb6 34. f4 hxg3 35. fxg5 Nxg5 36. Rh1 Rh4 37. Nxg3 Ne7 38. Rae1 Rah8 39. Bd1 R4h7 40. Bg4 Kf7 41. h4 Rxh4 42. Bh5+ R8xh5 43. Nxh5 Rxe4 44. Bxg5 Rg4+ 45. Ng3 Rxg5 46. Rh7+ Rg7 47. Rxg7+ Kxg7 48. Ne4 Nxd5 49. Kf3 f5 50. Nxd6 e4+ 51. Ke2 Kf6 52. Kd2 e3+ 53. Ke2 Nxc3+ 54. Kf3 Ke6 0-1

[Event "FIN-chT 2223"]
[Site "Finland"]
[Date "2023.04.01"]
[Round "10.4"]
[White "Vetelaeinen, Tomi"]
[Black "Valkama, Eero"]
[Result "0-1"]
[WhiteElo "2047"]
[BlackElo "2258"]
[PlyCount "112"]
[EventDate "2022.09.24"]
[EventType "team-tourn"]
[EventRounds "11"]
[EventCountry "FIN"]
[SourceTitle "EXT 2024"]
[Source "ChessBase"]
[SourceDate "2023.10.10"]
[SourceVersion "1"]
[SourceVersionDate "2023.10.10"]
[SourceQuality "1"]
[WhiteTeam "Gambiitti"]
[BlackTeam "Salo SalSK"]
[WhiteTeamCountry "FIN"]
[BlackTeamCountry "FIN"]

1. e4 e5 2. Nf3 Nc6 3. Bb5 a6 4. Ba4 Nf6 5. 0-0 Be7 6. d3 b5 7. Bb3 d6 8. c3 0-0 9. Nbd2 Na5 10. Bc2 c5 11. h3 Nc6 12. Re1 Re8 13. Nf1 Bf8 14. Bg5 h6 15. Bh4 g5 16. Bg3 Bg7 17. Ne3 d5 18. exd5 Nxd5 19. Nxd5 Qxd5 20. Nd2 Be6 21. Qf3 Qxf3 22. Nxf3 Bf5 23. Re2 Rad8 24. Ne1 Re7 25. f3 Red7 26. Bf2 Bf8 27. Rd1 Be6 28. a3 f6 29. h4 Kf7 30. hxg5 hxg5 31. b4 cxb4 32. axb4 Ne7 33. Ra1 Nd5 34. Bb3 Nxc3 35. Bxe6+ Kxe6 36. Rxa6+ Rd6 37. Rxd6+ Bxd6 38. Rb2 Ra8 39. Bc5 Bxc5+ 40. bxc5 Ra1 41. Kf1 Kd5 42. Rb3 Rc1 43. Kf2 Kxc5 44. g4 Nd5 45. d4+ Kc4 46. Ra3 Kxd4 47. Ke2 b4 48. Ra8 Nc3+ 49. Kf2 b3 50. Rd8+ Nd5 51. Rb8 Rc2+ 52. Nxc2+ bxc2 53. Rc8 Nc3 54. Rd8+ Kc4 55. Rc8+ Kb4 56. Rb8+ Ka4 0-1

[Event "Rilton Cup 50th"]
[Site "Stockholm"]
[Date "2023.01.05"]
[Round "9"]
[White "Valkama, Eero"]
[Black "Tulchynskyi, Feliks"]
[Result "1-0"]
[WhiteElo "2263"]
[BlackElo "2135"]
[PlyCount "125"]
[EventDate "2022.12.27"]
[EventType "swiss"]
[EventRounds "9"]
[EventCountry "SWE"]
[SourceTitle "CBM 212 Extra"]
[Source "ChessBase"]
[SourceDate "2023.03.31"]
[SourceVersion "1"]
[SourceVersionDate "2023.03.31"]
[SourceQuality "1"]

1. e4 c5 2. Nf3 e6 3. c4 Nc6 4. Nc3 Nd4 5. Bd3 Ne7 6. Nxd4 cxd4 7. Ne2 e5 8. 0-0 Nc6 9. f4 d6 10. a3 a5 11. Bc2 Be7 12. d3 0-0 13. Ng3 Bd7 14. f5 Bg5 15. Qg4 Bxc1 16. Raxc1 f6 17. Nh5 Qe7 18. Rf3 Be8 19. Rg3 Bxh5 20. Qxh5 Kh8 21. Rf1 Qf7 22. Qd1 Qd7 23. Ba4 Qc7 24. Rh3 Nd8 25. Qh5 h6 26. Rg3 Nc6 27. Rg6 Qf7 28. Qd1 Ne7 29. Rg3 Ng8 30. Bb5 Rfd8 31. Rff3 Rac8 32. Rg4 Rc7 33. Qa4 b6 34. Rfg3 Qf8 35. Bc6 Ne7 36. Bb5 Nc8 37. Bc6 Ne7 38. Bb5 Nc8 39. Rg6 Ne7 40. Rxg7 Qxg7 41. Rxg7 Kxg7 42. Qd1 Rcc8 43. Qh5 Rh8 44. Bd7 Rcf8 45. Be6 Rh7 46. Qd1 Rd8 47. Qb3 Nc8 48. Bxc8 Rxc8 49. Qxb6 Kg8 50. Qxa5 Rd7 51. Qd5+ Kg7 52. b4 Ra7 53. Qxd6 Rca8 54. b5 Rxa3 55. b6 Rb3 56. h3 Rb2 57. c5 Raa2 58. Qe7+ Kg8 59. Qe8+ Kg7 60. Qg6+ Kf8 61. Qxf6+ Kg8 62. Qg6+ Kf8 63. f6 1-0

[Event "Rilton Cup 50th"]
[Site "Stockholm"]
[Date "2022.12.28"]
[Round "2"]
[White "Valkama, Eero"]
[Black "Gomez Aguirre, Juan Alberto"]
[Result "1-0"]
[WhiteElo "2263"]
[BlackElo "2108"]
[PlyCount "107"]
[EventDate "2022.12.27"]
[EventType "swiss"]
[EventRounds "9"]
[EventCountry "SWE"]
[SourceTitle "CBM 212 Extra"]
[Source "ChessBase"]
[SourceDate "2023.03.31"]
[SourceVersion "1"]
[SourceVersionDate "2023.03.31"]
[SourceQuality "1"]

1. e4 c6 2. Nc3 d5 3. Nf3 dxe4 4. Nxe4 Nf6 5. Nxf6+ exf6 6. Bc4 Bd6 7. Qe2+ Be7 8. 0-0 0-0 9. h3 Na6 10. Bxa6 bxa6 11. d4 Bd6 12. Re1 a5 13. a4 Qb6 14. c4 Ba6 15. Qc2 c5 16. Be3 Rac8 17. b3 cxd4 18. Nxd4 Bb7 19. Nf5 Qc6 20. f3 Bc5 21. Qf2 Bb4 22. Bd2 Bc5 23. Ne7+ Bxe7 24. Rxe7 Rc7 25. Rxc7 Qxc7 26. Qxa7 Ra8 27. Qe3 Rd8 28. Bc3 h5 29. Be1 f5 30. Bf2 f4 31. Qb6 Qxb6 32. Bxb6 Rd3 33. Rb1 g5 34. Rb2 g4 35. hxg4 hxg4 36. fxg4 Rg3 37. Kf1 f3 38. gxf3 Bxf3 39. Bxa5 Bd1 40. b4 Rxg4 41. c5 Bxa4 42. b5 Rc4 43. b6 Bc6 44. Bb4 Kf8 45. Ba3 Rf4+ 46. Ke2 Re4+ 47. Kd2 Rf4 48. b7 Rf2+ 49. Kc3 Rf3+ 50. Kd4 Rf4+ 51. Ke5 Re4+ 52. Kf5 Bxb7 53. c6+ Ke8 54. cxb7 1-0

[Event "FIN-chT 2022"]
[Site "Finland"]
[Date "2022.05.22"]
[Round "11.3"]
[White "Valkama, Eero"]
[Black "Pohjala, Henri"]
[Result "1/2-1/2"]
[WhiteElo "2236"]
[BlackElo "2343"]
[PlyCount "44"]
[EventDate "2020.09.12"]
[EventType "team-tourn"]
[EventRounds "11"]
[EventCountry "FIN"]
[SourceTitle "EXT 2023"]
[Source "ChessBase"]
[SourceDate "2022.10.05"]
[SourceVersion "1"]
[SourceVersionDate "2022.10.05"]
[SourceQuality "1"]
[WhiteTeam "Salo SalSK"]
[BlackTeam "Sastamala VammSK"]
[WhiteTeamCountry "FIN"]
[BlackTeamCountry "FIN"]

1. e4 d6 2. d4 Nf6 3. Nc3 Nbd7 4. Nge2 e5 5. h3 Be7 6. g3 c6 7. a4 a5 8. Bg2 0-0 9. 0-0 Re8 10. Be3 Bf8 11. f4 exd4 12. Bxd4 Nc5 13. Bxc5 dxc5 14. e5 Qxd1 15. Raxd1 Nd7 16. Ne4 Nb6 17. N2c3 Bf5 18. g4 Bxe4 19. Bxe4 Rad8 20. b3 c4 21. Kg2 Rxd1 22. Rxd1 Bb4 1/2-1/2

[Event "Parnu Keres Memorial IM"]
[Site "Parnu"]
[Date "2021.08.06"]
[Round "9"]
[White "Valkama, Eero"]
[Black "Storme, Isak"]
[Result "1/2-1/2"]
[WhiteElo "2278"]
[BlackElo "2398"]
[PlyCount "65"]
[EventDate "2021.08.01"]
[EventType "tourn"]
[EventRounds "9"]
[EventCountry "EST"]
[EventCategory "3"]
[SourceTitle "CBM 203 Extra"]
[Source "ChessBase"]
[SourceDate "2021.09.30"]
[SourceVersion "1"]
[SourceVersionDate "2021.09.30"]
[SourceQuality "1"]

1. e4 c5 2. Nf3 d6 3. Bb5+ Bd7 4. Bxd7+ Nxd7 5. 0-0 Ngf6 6. Qe2 e6 7. b3 Be7 8. Bb2 0-0 9. c4 e5 10. Nc3 Nh5 11. g3 g6 12. Ne1 Ng7 13. Nd3 Ne6 14. Nd5 Nf6 15. f4 Nxd5 16. exd5 Nd4 17. Bxd4 exd4 18. f5 Bg5 19. Nf2 Re8 20. Qd3 Qe7 21. h4 Bf6 22. Ng4 Bg7 23. f6 Qd7 24. Qf3 h5 25. Nf2 Bh6 26. Ne4 Re5 27. Kg2 Rae8 28. d3 Be3 29. Rae1 Rf5 30. Qe2 Rfe5 31. Qf3 Rf5 32. Qe2 Rfe5 33. Qf3 1/2-1/2

[Event "Parnu Keres Memorial IM"]
[Site "Parnu"]
[Date "2021.08.05"]
[Round "8"]
[White "Timoshin, Andrei"]
[Black "Valkama, Eero"]
[Result "0-1"]
[WhiteElo "2147"]
[BlackElo "2278"]
[PlyCount "178"]
[EventDate "2021.08.01"]
[EventType "tourn"]
[EventRounds "9"]
[EventCountry "EST"]
[EventCategory "3"]
[SourceTitle "CBM 203 Extra"]
[Source "ChessBase"]
[SourceDate "2021.09.30"]
[SourceVersion "1"]
[SourceVersionDate "2021.09.30"]
[SourceQuality "1"]

1. e4 e5 2. Nf3 Nc6 3. Nc3 Nf6 4. d4 exd4 5. Nxd4 Bb4 6. Nxc6 bxc6 7. Bd3 d5 8. exd5 cxd5 9. 0-0 0-0 10. h3 c6 11. Qf3 Rb8 12. Bf4 Bd6 13. b3 Rb4 14. Bxd6 Qxd6 15. Ne2 c5 16. c4 d4 17. Qf4 Rb6 18. Rfe1 Re8 19. Qxd6 Rxd6 20. Nf4 Rxe1+ 21. Rxe1 g5 22. Ne2 h6 23. Kf1 Kf8 24. f3 Re6 25. Kf2 Re3 26. Rd1 a5 27. a3 Nd7 28. b4 Ne5 29. Bb1 Rxa3 30. bxc5 d3 31. Nd4 Rc3 32. Ke3 Nxc4+ 33. Kf2 Ne5 34. c6 Ba6 35. g4 Nxc6 36. Nf5 a4 37. Ke3 Nb4 38. Nxh6 Bc8 39. f4 gxf4+ 40. Kxf4 a3 41. Ke5 a2 42. Bxa2 Nxa2 43. Kd4 Ra3 44. Rxd3 Rxd3+ 45. Kxd3 Kg7 46. g5 Bxh3 47. Ke3 Nc3 48. Kf3 Nd5 49. Kg3 Be6 50. Kh4 Ne7 51. Kh5 Ng8 52. Nxf7 Bxf7+ 53. Kg4 Kg6 54. Kf4 Ne7 55. Kg4 Nd5 56. Kf3 Nb6 57. Kf4 Nc4 58. Kg4 Be6+ 59. Kf4 Bd5 60. Kg4 Nd2 61. Kf4 Nf3 62. Ke3 Kxg5 63. Kd3 Kf4 64. Kc3 Ke4 65. Kc2 Kd4 66. Kb2 Kc4 67. Kc2 Be4+ 68. Kb2 Nd4 69. Ka1 Kc3 70. Ka2 Nb3 71. Ka3 Bb1 72. Ka4 Nd4 73. Ka5 Kc4 74. Kb6 Nb5 75. Kc6 Bf5 76. Kb6 Be4 77. Ka5 Kc5 78. Ka4 Bc2+ 79. Ka5 Bd1 80. Ka6 Nd6 81. Ka5 Nb7+ 82. Ka6 Kc6 83. Ka7 Kc7 84. Ka6 Be2+ 85. Ka7 Nd6 86. Ka8 Ba6 87. Ka7 Bc8 88. Ka8 Bb7+ 89. Ka7 Nc8# 0-1

[Event "FIN-ch"]
[Site "Sastamala"]
[Date "2021.07.18"]
[Round "2"]
[White "Pohjala, Henri"]
[Black "Valkama, Eero"]
[Result "0-1"]
[WhiteElo "2358"]
[BlackElo "2284"]
[PlyCount "78"]
[EventDate "2021.07.17"]
[EventType "tourn"]
[EventRounds "9"]
[EventCountry "FIN"]
[EventCategory "2"]
[SourceTitle "CBM 203 Extra"]
[Source "ChessBase"]
[SourceDate "2021.09.30"]
[SourceVersion "1"]
[SourceVersionDate "2021.09.30"]
[SourceQuality "1"]

1. d4 Nf6 2. Nf3 e6 3. g3 b5 4. Bg2 d5 5. 0-0 Be7 6. b3 0-0 7. Bb2 Nbd7 8. Nbd2 Bb7 9. c4 bxc4 10. bxc4 c5 11. dxc5 Nxc5 12. Bd4 dxc4 13. Nxc4 Rc8 14. Rc1 Bd5 15. Ba1 Qc7 16. Nfe5 Rfd8 17. Bxd5 Nxd5 18. Qc2 f6 19. Nf3 Nb4 20. Qb1 Rb8 21. Bb2 Qc6 22. Ncd2 Qa6 23. a3 Nd5 24. Nc4 Na4 25. Rc2 Nxb2 26. Nxb2 Qxa3 27. Qa1 Rdc8 28. Rd2 Qxa1 29. Rxa1 Bb4 30. Rxd5 exd5 31. Rxa7 Rc2 32. Nd3 Rxe2 33. Nf4 Rxf2 34. Rxg7+ Kxg7 35. Kxf2 Rb5 36. Ke2 Bd6 37. Ne6+ Kf7 38. Ned4 Rb2+ 39. Kd3 Be5 0-1

[Event "FIN-chT 1920"]
[Site "Finland"]
[Date "2020.02.09"]
[Round "8.6"]
[White "Kosmo, Santul"]
[Black "Valkama, Eero"]
[Result "0-1"]
[WhiteElo "2261"]
[BlackElo "2222"]
[PlyCount "104"]
[EventDate "2019.09.14"]
[EventType "team-tourn"]
[EventRounds "11"]
[EventCountry "FIN"]
[SourceTitle "CBM 195 Extra"]
[Source "ChessBase"]
[SourceDate "2020.05.31"]
[SourceVersion "1"]
[SourceVersionDate "2020.05.31"]
[SourceQuality "1"]
[WhiteTeam "Helsinki Ninja"]
[BlackTeam "Salo SalSK"]
[WhiteTeamCountry "FIN"]
[BlackTeamCountry "FIN"]

1. e4 e5 2. Nf3 Nc6 3. d4 exd4 4. Nxd4 Nf6 5. Nxc6 bxc6 6. e5 Qe7 7. Qe2 Nd5 8. c4 Nb6 9. Nc3 Qe6 10. Bd2 a5 11. Qe4 g6 12. Bd3 Bg7 13. 0-0 0-0 14. Rae1 Ba6 15. b3 Bb7 16. f4 f5 17. Qf3 d5 18. c5 Nd7 19. Be3 Ba6 20. Bxa6 Rxa6 21. Ne2 Qe7 22. Rc1 Rf7 23. Nd4 Nxc5 24. Nxf5 Rxf5 25. Bxc5 Qe6 26. g4 Rf7 27. Rce1 Bf8 28. Bxf8 Rxf8 29. f5 Qe7 30. e6 Rf6 31. Kh1 Ra8 32. Qc3 Rd8 33. Qxc6 d4 34. Qe4 d3 35. Rd1 d2 36. Rf2 Qc5 37. Kg2 Rd4 38. Qf3 h5 39. h3 hxg4 40. hxg4 Qb4 41. Kg3 Qd6+ 42. Kg2 Qb4 43. Kg3 Qf8 44. Rg2 Qd6+ 45. Kh3 Rd3 46. Rg3 Rxf3 47. Rxf3 gxf5 48. gxf5 Rh6+ 49. Kg4 Qd4+ 50. Rf4 Rh4+ 51. Kxh4 Qxf4+ 52. Kh5 Qf3+ 0-1

[Event "Rilton Cup 49th"]
[Site "Stockholm"]
[Date "2020.01.04"]
[Round "8"]
[White "Valkama, Eero"]
[Black "Lokander, Martin"]
[Result "0-1"]
[WhiteElo "2249"]
[BlackElo "2397"]
[PlyCount "152"]
[EventDate "2019.12.27"]
[EventType "swiss"]
[EventRounds "9"]
[EventCountry "SWE"]
[SourceTitle "CBM 194 Extra"]
[Source "ChessBase"]
[SourceDate "2020.03.31"]
[SourceVersion "1"]
[SourceVersionDate "2020.03.31"]
[SourceQuality "1"]

1. e4 c6 2. d4 d5 3. e5 c5 4. dxc5 Nc6 5. Bb5 e6 6. Be3 Nge7 7. c3 Bd7 8. Bxc6 Bxc6 9. Nf3 Nf5 10. Bd4 Nxd4 11. Qxd4 Qc7 12. b4 b6 13. cxb6 axb6 14. 0-0 Bb5 15. Rc1 Be7 16. Nbd2 0-0 17. Qe3 Rfc8 18. Nd4 Bd7 19. Rc2 Ba4 20. Rcc1 Ra7 21. f4 Bd7 22. Rc2 Ba4 23. Rcc1 Bd7 24. Rc2 Ba4 25. Rcc1 h6 26. N2f3 Bd7 27. a3 Rca8 28. Nc2 Ba4 29. Nfd4 Rc8 30. Ne1 Qb8 31. Nef3 Bd7 32. Ne2 Qb7 33. Ned4 Qa8 34. Nc2 Bd8 35. Kh1 Bb5 36. Nfd4 Bc4 37. Qg3 g6 38. Re1 Kh7 39. Qh3 Qb7 40. Ne3 Qc7 41. Ng4 h5 42. Nf2 Qe7 43. Nf3 d4 44. Ng5+ Kg7 45. Nfe4 Bd5 46. cxd4 Rc2 47. Rac1 Qc7 48. Rxc2 Qxc2 49. Qe3 Bxg5 50. fxg5 Bxe4 51. Qxe4 Qxe4 52. Rxe4 Rxa3 53. Kg1 Rb3 54. d5 exd5 55. Rd4 Kf8 56. Kf2 Ke7 57. Rxd5 Rxb4 58. Rd6 b5 59. Rb6 Rb3 60. h4 Rb4 61. g3 Rb3 62. Kg2 b4 63. Kf2 Rb1 64. Kg2 b3 65. Kh2 Kd7 66. Rf6 Ke7 67. Rb6 Rb2+ 68. Kg1 Kd7 69. Rd6+ Kc7 70. Rd3 Kc6 71. Re3 Kd5 72. Kh1 Kd4 73. Rf3 Kxe5 74. Kg1 Ke4 75. Rc3 Kd4 76. Rf3 Kc4 0-1

[Event "Rilton Cup 49th"]
[Site "Stockholm"]
[Date "2019.12.27"]
[Round "1"]
[White "Gagare, Shardul"]
[Black "Valkama, Eero"]
[Result "1-0"]
[WhiteElo "2468"]
[BlackElo "2249"]
[PlyCount "101"]
[EventDate "2019.12.27"]
[EventType "swiss"]
[EventRounds "9"]
[EventCountry "SWE"]
[SourceTitle "CBM 194 Extra"]
[Source "ChessBase"]
[SourceDate "2020.03.31"]
[SourceVersion "1"]
[SourceVersionDate "2020.03.31"]
[SourceQuality "1"]

1. e4 e5 2. Bc4 Nc6 3. Nf3 Bc5 4. d3 Nf6 5. c3 a6 6. Nbd2 0-0 7. h3 d6 8. Bb3 Be6 9. 0-0 h6 10. Re1 Qd7 11. Nf1 b5 12. Ng3 Bxb3 13. axb3 d5 14. b4 Bb6 15. exd5 Qxd5 16. Qc2 Rfe8 17. Be3 Bxe3 18. Rxe3 Re6 19. Nd2 Ne7 20. Nb3 Ng6 21. c4 Qc6 22. Na5 Qd7 23. Rae1 Rb8 24. Qc3 Rc8 25. Kh2 Rd6 26. Nb7 Rb6 27. Nc5 Qc6 28. Nf5 Qa8 29. Rg3 Re8 30. Ree3 Qc8 31. Rgf3 Nh7 32. Ne4 Ne7 33. Qxe5 Nxf5 34. Qxf5 Qxf5 35. Rxf5 bxc4 36. dxc4 Rxb4 37. b3 Re6 38. Ra5 Reb6 39. Nc5 Nf6 40. Rxa6 Rxa6 41. Nxa6 Rb7 42. Nc5 Rb6 43. g4 Rc6 44. Re5 g6 45. Kg2 Nh7 46. b4 Rd6 47. Re8+ Nf8 48. b5 Rd4 49. Rc8 Kg7 50. Rxc7 Rxc4 51. Ne6+ 1-0